000 00382nam a2200169Ia 4500
100 _aPapazoglou/M.P
650 _aE business
942 _cBK
366 _f25
654 _ae business
245 _aE Business:Organisational and technical foundation
260 _bWiley India
_c2006
082 _a658.84
_bPAP
300 _a722
546 _aENGLISH
_cPAMPHALETS
999 _c32764
_d32764